Návrh systémovej palety pre automatický horizontálny nosič AGV Toyota Material Handling

Guardado en:
Detalles Bibliográficos
Autor principal: Drha, Ján (Autor)
Otros Autores: Ružarovský, Roman (Orientador)
Formato: Manuscrito Libro
Lenguaje:eslovaco
Publicado: 2025
Materias:
Acceso en línea:http://is.stuba.sk/zp/portal_zp.pl?podrobnosti=184006
Etiquetas: Agregar Etiqueta
Sin Etiquetas, Sea el primero en etiquetar este registro!

MARC

LEADER 00000ntm a22000003a 4500
001 stuzp104024
003 SK-STU
005 20250614212521.7
007 ta
008 150427s2015----xo-----f-mn---000-0-slo-d
040 |a STU  |b slo 
041 0 |a slo 
100 1 |a Drha, Ján  |u 063000  |4 aut  |U MTF Materiálovotechnologická fakulta  |T MTF Ústav výrobných technológií  |X 110387  |U M3000  |Y 83  |7 110387 
242 0 1 |a System pallet design for the automatic horizontal carrier AGV Toyota Material Handling  |y eng 
245 1 0 |a Návrh systémovej palety pre automatický horizontálny nosič AGV Toyota Material Handling 
260 |c 2025 
650 4 |a trolley  |2 eng 
650 4 |a AGV  |2 eng 
650 4 |a pallet  |2 eng 
650 4 |a vozík  |2 slo 
650 4 |a AGV  |2 slo 
650 4 |a paleta  |2 slo 
700 1 |a Ružarovský, Roman  |u 063800  |k Z1  |4 ths  |U MTF Ústav výrobných technológií  |T MTF Katedra výrobných zariadení a systémov  |X 30883  |U M3800  |Y 660  |7 A000030883 
856 4 |u http://is.stuba.sk/zp/portal_zp.pl?podrobnosti=184006 
996 |c M* DP-15514  |l MMSKP  |s P  |a 0  |w stuzp104024_0001